Some observations of low-level wind variation in the vertical in tropical cyclones /

Saved in:
Bibliographic Details
Main Author: Pike, Arthur C.
Corporate Author: Colorado State University. Dept. of Atmospheric Science
Format: Book
Language:English
Published: Fort Collins, Colo. : Colorado State University, Dept. of Atmospheric Science, 1962.
Series:Atmospheric science technical paper ; no. 29.
Subjects:
LEADER 01213nam a2200265 a 4500
001 c000177269
003 CARM
005 20030211203527.0
008 880726s1962 cou 000 0 eng d
019 1 |a 24394127  |z 12059192  |5 LACONCORD2021 
035 |a (OCoLC)18270147  |5 LACONCORD2021 
040 |a SCA  |b eng  |c SCA  |d UMV  |d OCoLC 
100 1 |a Pike, Arthur C. 
245 1 0 |a Some observations of low-level wind variation in the vertical in tropical cyclones /  |c by Arthur C. Pike. 
260 |a Fort Collins, Colo. :  |b Colorado State University, Dept. of Atmospheric Science,  |c 1962. 
300 |a 8 p. ;  |c 28 cm. 
440 0 |a Atmospheric science technical paper ;  |v no. 29. 
500 |a "February 1962." 
500 |a "A report on research conducted under contract no. CWB-9918 between the U.S. Weather Bureau and Colorado State University. 
650 0 |a Cyclones  |z Tropics. 
650 0 |a Storm winds  |z Tropics. 
710 2 |a Colorado State University.  |b Dept. of Atmospheric Science. 
852 8 |b CARM  |h A3:AE15D0  |i D07249  |p 0240132  |f BK 
999 f f |i bbe513de-29e4-5cee-a459-deb7559ea082  |s 4450cd02-ada4-592d-b09f-dcdbf95db62c 
952 f f |p Can circulate  |a CAVAL  |b CAVAL  |c CAVAL  |d CARM 1 Store  |e D07249  |f A3:AE15D0  |h Other scheme  |i book  |m 0240132